000 00571nam a22002177a 4500
003 UA-OsUOA
001 44836
007 ta
008 20070315b un ||||| |||| 00| 0 ukr d
100 _aФесенко В.
090 _a32
_bФ-11
942 _cSA
040 _aUA-OsUOA
_bukr
_cUA-OsUOA
_dUA-OsUOA
245 _aРеформування служби безпеки України: для влади чи для суспільства?
300 _aС.1
955 _a0
041 _aukr
080 _a32
773 0 _w44835
650 7 _a32 Політика
_2UDC
999 _c330952
_d330952